| 000 | 01404nam0a22003371 4500 | ||
|---|---|---|---|
| 001 | rc\4258338 | ||
| 005 | 20250612031845.0 | ||
| 021 |
_aRU _b[69-9059] |
||
| 035 | _a(NLR Aleph) 008480581 | ||
| 090 |
_a7987638 _c7987638 |
||
| 100 | _a20130416d1968 |||y0rusy50 ca | ||
| 101 | 0 | _arus | |
| 102 | _aRU | ||
| 105 | _aab z ||||| | ||
| 200 | 1 |
_aБелорусская ССР _fПод ред. Г.С. Жданко [и др.] _iГомельская область |
|
| 210 |
_aМинск _cБеларусь _d1968 |
||
| 215 |
_a212 с., 7 л. ил., карт. _cил. _d21 |
||
| 300 | _aНа обл. и корешке загл.: Гомельская область | ||
| 300 | _aНа 6-й с.: принимали участие С.М. Лебедев, Е.Д. Диренок, д-р ист. наук проф. М.К. Сувалов и др. | ||
| 512 | 0 | _aГомельская область | |
| 606 |
_aКоммунистическое строительство _yГомельская область _2psbo |
||
| 607 |
_aГомельская область _xИстория _2psbo |
||
| 702 | 1 |
_aДиренок _bЕ.Д. _4570 |
|
| 702 | 1 |
_aСувалов _bМ.К. _4570 |
|
| 702 | 1 |
_aЖданко _bГ.С. _4340 |
|
| 702 | 1 |
_aЛебедев _bС.М. _gСерафим Михайлович _4570 |
|
| 801 | 0 |
_aRU _bNLR _gpsbo |
|
| 801 | 1 |
_aRU _bELAR _2rusmarc |
|
| 852 |
_aNLR _j69-3/1798 |
||
| 942 | _cBOOK | ||
| 980 | _aNB | ||